Hang Tuah

Bibliographic Details
Format: Book
Published: Kuala Lumpur : Mind to mind
Series:Koleksi legenda klasik
Subjects:

MARC

LEADER 00000cam a2200000 7i4500
001 0000004351
005 20151222.0
008 070802
020 |a 9831454146 
090 0 0 |a JF   |b CT MAL (5214) 
245 1 0 |a Hang Tuah 
260 |a Kuala Lumpur :   |b Mind to mind 
440 |a Koleksi legenda klasik 
500 |a Children ages 7-9 years old (orange) 
650 0 |a Malay fiction   |x Classic tales 
999 |a 0000971876   |b Book   |c Children Collection   |e Cawangan Pontian 
999 |a 0000971877   |b Book   |c Children Collection   |e Cawangan Bandar Tenggara 
999 |a 0000971880   |b Book   |c Children Collection   |e Perbadanan Perpustakaan Awam Johor 
999 |a 0001139938   |b Book   |c Children Collection   |e Cawangan Taman Sri Lambak